000 00531nam a22001937a 4500
005 20250729152727.0
008 250729b |||||||| |||| 00| 0 eng d
020 _a978-1-337-39269-3
050 _aQP141 .W495 2019
100 _aWHITNEY, ELLIE
245 _aUNDERSTANDING NUTRITION
250 _a15
260 _aBOSTON, MA
_bCENGAGE,
_c2019
300 _aXIX,665P.:ILL
500 _aINCLUDES BIBLIOGRAPHICAL REFERENCES AND INDEX
650 _aNUTRITION--TEXTBOOKS
700 _aROLFES, SHARON RADY
942 _2lcc
_cBK
999 _c215974
_d215974